000 nam a22 7a 4500
999 _c342499
_d342499
003 NUST
005 20171228114838.0
008 171228b xxu||||| |||| 00| 0 eng d
040 _c0
082 _a297.122 DAR
245 _aYasin
_cDarussalam
260 _aLahore
_bDarussalam
_c2011
300 _a18p.
500 _aP.B
942 _2ddc
_cBK
_kIESE